000 00231nam a2200085Ia 4500
245 0 _aUnderstanding breast cancer
100 _a OGDEN, Joy Hoboken, NJ, 2004
_973543
942 _cBK
008 210817s9999 xx 000 0 und d
999 _c399986
_d399985